Word Ladder: Indiana Jones Quiz Stats

 Plays Quiz Updated Jul 14, 2014

Support Sporcle.
Go Orange.
Score 0/39 Timer 04:00
1 Play Today
Hint 4-Letter Word % Correct
Raiders of the ___ ArkLOST
98.3%
Harrison who plays Dr. JonesFORD
97.8%
The ___ CrusadeLAST
97.7%
Actors as a whole for a filmCAST
95%
Golf cryFORE
94.2%
The Temple of ____DOOM
93.3%
PriceCOST
93.3%
12 inchesFOOT
92.3%
Fail to retainLOSE
91.1%
Robin of NottinghamHOOD
89.5%
Traditional knowledge or beliefLORE
89.3%
A military strongholdFORT
89%
GraspHOLD
88.9%
Sound a sonic jet makesBOOM
88.6%
Jones' favorite weaponWHIP
88.5%
SustenanceFOOD
88.3%
A building filled with studentsDORM
87.7%
A document to be filled outFORM
87.7%
The Grail was thisHOLY
84.9%
Owner of Woody and Buzz LightyearANDY
84.5%
Hint 4-Letter Word % Correct
Jones did this to the swordsmanSHOT
84.3%
Retail storeSHOP
84.2%
Jones' is made of leatherCOAT
83.7%
Nazi footwear were Jack ....sBOOT
83.1%
Carbon residue of burningSOOT
82.6%
Jones' nicknameINDY
81.1%
& & & & &ANDS
80.2%
Dr. Jones swam from this to the U-BoatSHIP
79.2%
Coldplay's 'Viva La ___'VIDA
77.6%
Helps, like Sallah does for Dr. JonesAIDS
70.8%
A small convoCHAT
68.6%
Bob of 'This Old House'VILA
68.5%
Opera featuring an Egyptian slave girlAIDA
67.3%
Evil and insidiousVILE
66.6%
Prefix for manyPOLY
60.4%
A small rodentVOLE
60.3%
A really small amountWHIT
58%
Gondola propellorPOLE
57.8%
A marker in a gameCHIT
57.4%

Today's Daily Dose

Missing Word
1961 Movies A-Z

Word Ladder
Study Light

Get the Picture
Bread and Butter

You're not logged in!

Compare scores with friends on all Sporcle quizzes.
OR
Log In

From the Vault

Follow That Onion Headline

by druhutch

Sometimes The Onion is just a little too good at what they do.
Remove Ads.
Support Sporcle.
Get the best of Sporcle when you Go Orange. This ad-free experience offers more features, more stats, and more fun while also helping to support Sporcle. Thank you for becoming a member.

Show Comments

Extras

Top Quizzes Today


Score Distribution

Your Account Isn't Verified!

In order to create a playlist on Sporcle, you need to verify the email address you used during registration. Go to your Sporcle Settings to finish the process.

Report this User

Report this user for behavior that violates our Community Guidelines.

Details: